| 000 | 00590cam a2200253ua 4500 | ||
|---|---|---|---|
| 020 | _c60.00 (PB) | ||
| 041 |
_aeng _h |
||
| 082 |
_a621.801 _bTOF/TH |
||
| 100 |
_aToft, Louis. _95992 |
||
| 245 |
_aTheory of machines / _cLouis Toft. _hTextual Documents |
||
| 250 |
_a6 / _b. |
||
| 260 |
_a : _bSir Isaac Pitman & Sons Ltd , _c1961. |
||
| 300 | _a540 ; . | ||
| 365 | _a60.00 | ||
| 504 | _a | ||
| 700 | 1 |
_aGuptha, J K. _959 |
|
| 700 | 1 |
_aKersey, A,T,J . _95993 |
|
| 942 | _cBK | ||
| 999 |
_c84 _d84 |
||
| 003 | @ | ||
| 003 | OSt | ||